Word Ladder: Homophones II Quiz Stats

 Plays Quiz Updated Sep 12, 2018

Challenge
Share
Tweet
Embed
Score 0/14 Timer 03:00
1 Play Today
Clue Homophone % Correct
Watery castle fortificationMOTE
83%
Female servantMADE
78.4%
2020 will have 366DAZE
77.5%
Hauls away a carTOES
77.2%
Composed a letterROTE
74%
Phoenix NBA teamSONS
65%
Giants great WillieMAZE
63.2%
Clue Homophone % Correct
Has the answersNOSE
61.2%
Cut the grassMODE
55.1%
Bucks' matesDOZE
53.8%
Propels a dinghyROSE
52.2%
DaybreaksDONS
42.6%
Large wine casksTONS
41.2%
A demand for paymentDONE
34.3%

Today's Daily Dose

You're not logged in!

Compare scores with friends on all Sporcle quizzes.
OR
Log In

You Might Also Like...

Show Comments

Extras

Top Quizzes Today


Score Distribution

Your Account Isn't Verified!

In order to create a playlist on Sporcle, you need to verify the email address you used during registration. Go to your Sporcle Settings to finish the process.

Report this User

Report this user for behavior that violates our Community Guidelines.

Details: